000 00790nas a2200265 4500
001 BR2012002808
003 BR-BrBNA
005 20231205120440.0
007 ta
008 230509b bl.|||p| |||| 00| 00por d
040 _aBR-BrBNA
_bpor
_cBiblioteca Nacional de Agricultura
041 _a(Pt)
072 _aK10; F50
100 1 _aMatheus, M.T.
100 1 _aLopes, J.C.
100 1 _aCorrêa, N.B.
245 1 _aMaturação fisiológica de sementes de Erythrina variegata L.
650 _aSEMENTE FLORESTAL
650 _aMATURAÇÃO
650 _aGERMINAÇÃO
650 _aMORFOLOGIA VEGETAL
773 0 _tCiência Florestal (Brazil)
_xISSN 0103-9954
_g(Oct-Dec 2011), v. 21(4) p. 619-627
_wBR2012002808
909 _a202311
_bLúcia
_c55
_dLúcia Elande
942 _2AGRIS
_n0
_cANA
999 _c218559
_d218559